|
|
|
|
| LEADER |
01309nam a22002777a 4500 |
| 001 |
32736 |
| 003 |
BD-DhAAL |
| 005 |
20180219203654.0 |
| 008 |
180215t2017 bg a|||| ||||f00| 0 eng d |
| 999 |
|
|
|c 39121
|d 39121
|
| 040 |
|
|
|a BD-DhAAL
|
| 082 |
|
|
|a 954.9205092
|2 22
|
| 245 |
|
|
|a Bangabandhu & Bangladesh /
|c edited by Fakrul Alam
|
| 260 |
|
|
|a Dhaka :
|b A Ministry of Commerce Souvenir Publication,
|c 2017
|
| 300 |
|
|
|a 76 pages :
|b illustrations ;
|c 20 cm.
|
| 500 |
|
|
|a Photographs : Father of the Nation, Bangabandhu Sheikh Mujibur Rahman Memorial Trust
|
| 500 |
|
|
|a Captions : Ministry of Foreign Affairs - Archive
|
| 526 |
|
|
|a AAL
|
| 541 |
|
|
|a Development Book Agency
|e 32736
|
| 600 |
|
|
|a Mujibur Rahman,
|c Sheikh,
|d 1920-1975.
|9 24998
|
| 651 |
|
|
|a Bangladesh
|x Politics and government.
|9 24999
|
| 700 |
|
|
|a Alam, Fakrul
|9 25000
|
| 852 |
|
|
|a Ayesha Abed Library
|c General Stacks
|
| 942 |
|
|
|2 ddc
|c BK
|
| 952 |
|
|
|0 0
|1 0
|2 ddc
|4 0
|6 954_920509200000000_BAN
|7 0
|9 62739
|a BRACUL
|b BRACUL
|c BNC
|d 2018-02-13
|e Development Book Agency
|g 500.00
|l 2
|o 954.9205092 BAN
|p 3010032736
|r 2018-05-07
|s 2018-05-07
|t 1
|v 500.00
|w 2018-02-13
|y BK
|
| 952 |
|
|
|0 0
|1 0
|2 ddc
|4 0
|6 954_920509200000000_BAN
|7 0
|9 63283
|a BRACUL
|b BRACUL
|c BNC
|d 2018-05-13
|e Development Book Agency
|g 450.00
|l 0
|o 954.9205092 BAN
|p 3010033070
|r 2018-05-13
|t 2
|v 500.00
|w 2018-05-13
|y BK
|